000 01117nam a2200217 a 4500
008 120416s1998 ||||||||||||||||| || u
020 _a0748740430
050 _aQC 145.2 Mas
100 _aMassey, Bernard S
245 1 0 _aMechanics of fluids. (7th ed.)
_crevised by John Ward-Smith
250 _a7th ed.
260 _aLondon
_bStanley Thornes
_c1998
300 _axii, 722p. : ill
350 _a0.00
650 _aFLUID MECHANICS
650 _aMECHANICS
995 _aBINDERY (DAMAGED)
_D0.00
_e731602
_FCBU-MAIN LIBRARY (Kitwe)
_H1
_I14.95
_jQC 145.2 Mas
_M1
_UDAMAGED
_y028671
_ZMain Library Open Access Collection
995 _aMAIN LIBRARY OPEN ACCESS
_D0.00
_e735014
_FCBU-MAIN LIBRARY (Kitwe)
_H2
_I14.95
_jQC 145.2 Mas
_M2
_UAVAILABLE
_y38223
_ZMain Library Open Access Collection
995 _aBINDERY (DAMAGED)
_D0.00
_e731136
_FCBU-MAIN LIBRARY (Kitwe)
_H1
_I0.00
_jQC 145.2 MAS
_M3
_UDAMAGED
_WApr 25, 2006
_y028253
_ZMain Library Open Access Collection
995 _aMAIN LIBRARY OPEN ACCESS
_D0.00
_e730975
_FCBU-MAIN LIBRARY (Kitwe)
_H1
_I0.00
_jQC 145.2 MAS
_M4
_UAVAILABLE
_WMay 2, 2006
_y028048
_ZMain Library Open Access Collection
999 _c82836
_d82836